Let's talk tae kwon do / (Record no. 2120)

MARC details
000 -LEADER
fixed length control field 00625nam a22002297a 4500
005 - DATE AND TIME OF LATEST TRANSACTION
control field 20250513092431.0
020 ## - INTERNATIONAL STANDARD BOOK NUMBER
International Standard Book Number 9780531204283
040 ## - CATALOGING SOURCE
Original cataloging agency FISKH
Language of cataloging eng
Transcribing agency FISKH
Modifying agency FISKH
050 ## - LIBRARY OF CONGRESS CALL NUMBER
Classification number GV1114.9
082 ## - DEWEY DECIMAL CLASSIFICATION NUMBER
Classification number 796.815
100 ## - MAIN ENTRY--PERSONAL NAME
Personal name Falk, Laine
245 ## - TITLE STATEMENT
Title Let's talk tae kwon do /
Statement of responsibility, etc. by Laine Falk
260 ## - PUBLICATION, DISTRIBUTION, ETC.
Place of publication, distribution, etc. New York :
Name of publisher, distributor, etc. Scholastic,
Date of publication, distribution, etc. 2009
300 ## - PHYSICAL DESCRIPTION
Extent 24 pages :
Dimensions 20 cm
505 ## - FORMATTED CONTENTS NOTE
Formatted contents note H
520 ## - SUMMARY, ETC.
Summary, etc. Photographs and simple text introduce young readers to the basic techniques of Tae Kwon Do.
521 ## - TARGET AUDIENCE NOTE
Target audience note 510
Source Lexile
521 ## - TARGET AUDIENCE NOTE
Target audience note H
Source Raz-Plus
650 ## - SUBJECT ADDED ENTRY--TOPICAL TERM
Topical term or geographic name entry element Martial Art
942 ## - ADDED ENTRY ELEMENTS (KOHA)
Source of classification or shelving scheme Dewey Decimal Classification
Koha item type Books
Suppress in OPAC No
999 ## -
-- 2120
-- 2120
Holdings
Withdrawn status Lost status Source of classification or shelving scheme Damaged status Not for loan Collection Home library Current library Shelving location Date acquired Total Checkouts Full call number Barcode Date last seen Price effective from Koha item type Copy number
    Dewey Decimal Classification     Non-Fiction Footprints International School Library Network Toul Kork Campus Footprints International School Library Network Toul Kork Campus TK Primary Library Room(4th Floor), Bookcase 3&4, Shelves 17-32, Yellow Books 11/07/2023   FAL 796.815 GV1114.9 FISBK05955 11/07/2023 11/07/2023 Books  
    Dewey Decimal Classification     Non-Fiction Footprints International School Library Network Toul Tom Poung Campus Footprints International School Library Network Toul Tom Poung Campus TTP Primary Yellow Bookshelves 05/13/2025   FAL 796.815 GV1114.9 2025-1290 05/13/2025 05/13/2025 Books 2